000 00651nam a2200241 i 4500
001 C2-0306771
003 PPAK
005 20180728093218.0
008 101215s2009 enk |||| ||||| | eng d
020 _a9780007304509
040 _aPPAK
_beng
_cPPAK
_erda
082 0 4 _a823
_223
090 0 0 _a823
_bBAG
_dG
100 1 _aBagshawe, Tilly,
_eauthor
245 1 0 _aSidney Sheldon's mistress of the game
264 1 _aLondon :
_bHarperCollons Publishers ,
_c2009
300 _a520 pages ;
_c18 cm
336 _2rdacontent
_atext
337 _2rdamedia
_aunmediated
338 _2rdacarrier
_avolume
650 1 0 _aEnglish fiction.
942 _ddc
_cB
999 _c109606
_d109606